000 00966nam a2200289Ia 4500
003 OSt
005 20220930091329.0
006 a|||||r|||| 00| 0
007 ta
008 220926b |||||||| |||| 00| 0 eng d
024 _a5718
037 _cTheses
040 _aCRL
_cCRL
_beng
041 _2eng
_aeng
100 _aSuthar Harish Kumar Au.
_9545334
110 _aUniversity of Delhi. Faculty of Medical Sciences. Department of Pediatrics
245 0 _aVitamin d status in children with type 1 diabeties
260 _c2012
300 _a92
_ap.
_ccm.
650 _aCHILDREN - DISEASES
700 _a Dr. Mukta Mantan Gu.
_9545335
700 _a Dr. Sangeeta yadav Gu.
700 _a Dr. smita Kaushik Gu.
_9545336
700 _aUniversity of Delhi. Faculty of Medical Sciences. Department of Pediatrics
942 _cDIS
_2CC
999 _c881951
_d881951